000 00605nam a2200181Ii 4500
003 JO-AjNU
008 230605s9999||||xx |||||||||||||| ||und||
040 _aJO-AjNU
_bara
_erda
_cJO-AjNU
041 _aara
050 1 4 _aTA153 2005
245 0 0 _aالمؤتمرات الهندسية العربية والقرارات والتوصيات
264 3 1 _aبيروت:الاتحاد العام للمهندسين ،2005
300 _a276ص
336 _atext
_btxt
_2rdacontent
337 _aunmediated
_bn
_2rdamedia
338 _avolume
_bnc
_2rdacarrier
650 4 _aالهندسه-مؤتمرات
_952206
999 _aA23112
_c26680
_d26680